|
|
|
|
| LEADER |
02085nam a2200421 a 4500 |
| 001 |
EBC3378325 |
| 003 |
MiAaPQ |
| 005 |
20200520144314.0 |
| 006 |
m o d | |
| 007 |
cr cn||||||||| |
| 008 |
080425s2007 dcua sb 100 0 eng d |
| 010 |
|
|
|z 2008297890
|
| 020 |
|
|
|z 0309103274
|
| 020 |
|
|
|z 9780309103275
|
| 035 |
|
|
|a (MiAaPQ)EBC3378325
|
| 035 |
|
|
|a (Au-PeEL)EBL3378325
|
| 035 |
|
|
|a (CaPaEBR)ebr10203761
|
| 035 |
|
|
|a (CaONFJC)MIL111020
|
| 035 |
|
|
|a (OCoLC)923278469
|
| 040 |
|
|
|a MiAaPQ
|c MiAaPQ
|d MiAaPQ
|
| 043 |
|
|
|a n-us---
|
| 050 |
|
4 |
|a HD9715.U52
|b G664 2004
|
| 111 |
2 |
|
|a Government/Industry Forum on Reducing Construction Costs: Uses of Best Dispute Resolution Practices by Project Owners
|d (2004 :
|c Washington, D.C.)
|
| 245 |
1 |
0 |
|a Reducing construction costs
|h [electronic resource] :
|b uses of best dispute resolution practices by project owners : proceedings report.
|
| 260 |
|
|
|a Washington, D.C. :
|b National Academies Press,
|c 2007.
|
| 300 |
|
|
|a v, 62 p. :
|b ill.
|
| 490 |
1 |
|
|a Federal Facilities Council technical report ;
|v no. 149
|
| 500 |
|
|
|a "In 2004 the NAC teamed with the Federal Facilities Council (FFC) of the National Research Council to sponsor the 'Government/Industry Forum on Reducing Construction Costs: Uses of Best Dispute Resolution Practices by Project Owners'. The forum was held on September 23, 2004, at the National Academy of Sciences in Washington, D.C."--P. 2.
|
| 504 |
|
|
|a Includes bibliographical references.
|
| 530 |
|
|
|a Also issued online.
|
| 533 |
|
|
|a Electronic reproduction. Ann Arbor, MI : ProQuest, 2015. Available via World Wide Web. Access may be limited to ProQuest affiliated libraries.
|
| 650 |
|
0 |
|a Construction industry
|z United States
|x Cost control
|v Congresses.
|
| 650 |
|
0 |
|a Dispute resolution (Law)
|v Congresses.
|
| 655 |
|
4 |
|a Electronic books.
|
| 710 |
2 |
|
|a Federal Facilities Council.
|
| 710 |
2 |
|
|a ProQuest (Firm)
|
| 830 |
|
0 |
|a Technical report (Federal Facilities Council) ;
|v #149.
|
| 856 |
4 |
0 |
|u https://ebookcentral.proquest.com/lib/matrademy/detail.action?docID=3378325
|z Click to View
|